| 000 | 00608nam a2200241Ia 4500 | ||
|---|---|---|---|
| 003 | OSt | ||
| 005 | 20220912150626.0 | ||
| 006 | a|||||r|||| 00| 0 | ||
| 007 | ta | ||
| 008 | 220909b |||||||| |||| 00| 0 eng d | ||
| 024 | _a52087 | ||
| 037 | _cTextual | ||
| 040 |
_aCSL _beng _cCSL |
||
| 041 | _aeng | ||
| 082 | _aI:12, 122J5 | ||
| 100 | _aSanchez-Monge Enrique | ||
| 245 | 0 | _aFitogentica | |
| 260 |
_aBarcolona _bSalvat Editores _c1955 |
||
| 300 |
_axiii,511p. _ccm. |
||
| 650 | _aBotany | ||
| 942 |
_hI:12, 122J5 _cTEXL _2CC |
||
| 999 |
_c51295 _d51295 |
||